000 00661nam a22002417a 4500
003 UA-OsUOA
001 74571
007 ta
008 20110412b un ||||| |||| 00| 0 ukr d
100 _aВербич В.
090 _a821.161.2
_bВ31
942 _cBK
040 _aUA-OsUOA
_bukr
_cUA-OsUOA
_dUA-OsUOA
245 _aКарб єдиної дороги
_bесеї та діалоги
300 _a292 с.
955 _a3
041 _aukr
080 _a821.161.2
020 _a978-966-8575-77-8
260 _aЛуцьк
_bВМА "Терен"
_c2008
650 7 _a82 Література. Літературознавство
_2UDC
999 _c360861
_d360861